[Event "THA-chT Rapid"]
[Site "Bangkok"]
[Date "2021.12.14"]
[Round "6.3"]
[White "Hansing, Saphong"]
[Black "Piyathumawuttikul, Kantapat"]
[Result "0-1"]
[WhiteElo "1909"]
[BlackElo "1447"]
[PlyCount "100"]
[EventDate "2021.12.13"]
[EventType "team-swiss (rapid)"]
[EventRounds "9"]
[EventCountry "THA"]
[SourceTitle "CBM 205 Extra"]
[Source "ChessBase"]
[SourceDate "2022.01.31"]
[SourceVersion "1"]
[SourceVersionDate "2022.01.31"]
[SourceQuality "1"]
[WhiteTeam "Pattaya 101"]
[BlackTeam "Big Rook Chess Academy II"]
[WhiteTeamCountry "THA"]
[BlackTeamCountry "THA"]

1. e4 c5 2. Nf3 Nc6 3. d4 cxd4 4. Nxd4 g6 5. Be3 Bg7 6. Nc3 Nf6 7. f3 0-0 8. Qd2 d5 9. 0-0-0 dxe4 10. Nxe4 Nxe4 11. fxe4 Qb6 12. Nb3 Qc7 13. Qf2 Bg4 14. Be2 Bxe2 15. Qxe2 Qe5 16. c3 Qxe4 17. Nc5 Qf5 18. Rhf1 Qc8 19. Qf2 Ne5 20. Bd4 Ng4 21. Qg1 e5 22. Bf2 Bh6+ 23. Kb1 Qf5+ 24. Ka1 Nxf2 25. Rxf2 Qg4 26. Rff1 Rfd8 27. Nxb7 Rxd1+ 28. Rxd1 Rb8 29. Nc5 Be3 30. h3 Bxg1 31. hxg4 Bxc5 32. Rd5 Bb6 33. Rxe5 Kg7 34. b4 Kf6 35. Re2 Kg5 36. a3 Kxg4 37. c4 Bd4+ 38. Ka2 f5 39. Kb3 Kg3 40. c5 Bxc5 41. Kc4 Bb6 42. a4 Rc8+ 43. Kb5 f4 44. Ka6 h5 45. a5 Be3 46. b5 Rb8 47. Rc2 g5 48. Rb2 g4 49. b6 axb6 50. axb6 Rxb6+ 0-1

[Event "THA Amatuer-ch"]
[Site "Thailand"]
[Date "2019.02.19"]
[Round "6"]
[White "Laohawirapap, Prin"]
[Black "Piyathumawuttikul, Kantapat"]
[Result "1-0"]
[WhiteElo "1747"]
[BlackElo "1521"]
[PlyCount "85"]
[EventDate "2019.02.16"]
[EventType "swiss"]
[EventRounds "7"]
[EventCountry "THA"]
[SourceTitle "CBM 189 Extra"]
[Source "ChessBase"]
[SourceDate "2019.05.31"]
[SourceVersion "1"]
[SourceVersionDate "2019.05.31"]
[SourceQuality "1"]

1. e4 c5 2. c3 g6 3. d4 cxd4 4. cxd4 d5 5. exd5 Nf6 6. Nc3 Bg7 7. Nf3 0-0 8. Bc4 Nbd7 9. d6 exd6 10. 0-0 Nb6 11. Bb3 d5 12. Ne5 Bf5 13. Bg5 Qd6 14. Qf3 Ne4 15. Bf4 Nxc3 16. bxc3 Qd8 17. Rfe1 Be4 18. Qe3 Nd7 19. Rad1 Nf6 20. f3 Bf5 21. Qf2 Rc8 22. Qd2 b5 23. Nd3 Bxd3 24. Qxd3 a6 25. Be5 Qd7 26. Rc1 Rfe8 27. Re2 Re6 28. Bf4 Rce8 29. Rce1 Rxe2 30. Rxe2 Rxe2 31. Qxe2 Qe6 32. Qe5 Nd7 33. Qxe6 fxe6 34. Be3 Kf7 35. Kf2 Ke7 36. Ke2 Kd6 37. Kd3 e5 38. Bc1 Nf6 39. Ba3+ Ke6 40. Bb4 e4+ 41. fxe4 Nxe4 42. a4 Nd6 43. Bd1 1-0